000 01104nam a2200301 i 4500
001 10660
003 ES-MaACL
005 20240228154518.0
007 t|
008 950929s1993 sp |||| | spa d
020 _a84-206-2679-1
080 _a946.0"711/1250"
100 1 _aGlick, Thomas F.
_957440
245 1 0 _aCristianos y musulmanes en la España medieval
_b: (711-1250) /
_cThomas F. Glick ; versión española de Pilar Aguirre Marco, María Luz López Terrada y Victor Navarro Brotóns ; revisión: Víctor Navarro Brotóns.
250 _a1ª ed., 1ª reimp.
260 _aMadrid :
_bAlianza Editorial,
_c1993.
300 _a295 p. ;
_c20 cm.
490 1 _aAlianza universidad ;
_v679
504 _aBibliografía: p. 283-294.
651 7 _aEspaña-
_xCivilización-
_y0414-1474
_2
_9161502
651 4 _aAl-Andalus-
_xCivilización.
_97608
700 1 _aAguirre Marco, Pilar.
_918884
700 1 _aLópez Terrada, María Luz.
_973997
700 1 _aNavarro, Víctor.
_985088
830 0 _aAlianza universidad ;
_v679
_9177276
852 _aES-MaACL
_jL-17978
999 _c10660
_d10660